Estadística para ingenieros
Guardat en:
| Autors principals: | , |
|---|---|
| Format: | Llibre |
| Idioma: | espanyol |
| Publicat: |
Ciudad de México
Prentice-Hall Hispanoamericana
1981
|
| Matèries: | |
| Etiquetes: |
Afegir etiqueta
Sense etiquetes, Sigues el primer a etiquetar aquest registre!
|
MARC
| LEADER | 00000nam a2200000 a 4500 | ||
|---|---|---|---|
| 001 | UCV5671 | ||
| 003 | CL-VaPUC | ||
| 008 | 880718e19810000MX |||||||||||||||||spa|d | ||
| 082 | 0 | 4 | |a 519.5 |b BOW |2 21 |
| 100 | 0 | |a Bowker, Albert Hosmer |e author |9 299955 | |
| 700 | 0 | |a Lieberman, Gerald J |e author |9 299956 | |
| 245 | 1 | 0 | |a Estadística para ingenieros |
| 300 | |a 657 p | ||
| 942 | |c BK | ||
| 945 | |d 19880718 00:00:00 | ||
| 260 | |a Ciudad de México |b Prentice-Hall Hispanoamericana |c 1981 | ||
| 650 | 0 | |a Matemáticas para ingenieros |9 259317 | |
| 650 | 0 | |a Estadística para ingenieros |9 262502 | |
| 650 | 0 | |a Estadística matemática |9 260028 | |
| 650 | 0 | |a Ingeniería |9 259380 | |
| 650 | 0 | |a Métodos estadísticos |9 259407 | |
| 583 | |a last modification |c 19880718 00:00:00 |k Rodrigo Vera | ||
| 999 | |c 212090 |d 212088 | ||
| 952 | |0 0 |1 0 |4 0 |6 519_500000000000000_BOW_1981 |7 0 |8 A |9 192482 |a BIBING |b BIBING |d 2019-11-14 |i 2599775 |o 519.5 BOW 1981 |p 2599775 |r 2025-01-20 |w 2019-11-14 |y BK |k CCL | ||
| 952 | |0 0 |1 0 |4 0 |6 519_500000000000000_BOW_1981 |7 0 |8 A |9 192483 |a BIBING |b BIBING |d 2019-11-14 |i 2599783 |o 519.5 BOW 1981 |p 2599783 |r 2025-01-20 |w 2019-11-14 |y BK |k EII | ||
| 952 | |0 0 |1 0 |4 0 |6 519_500000000000000_BOW_1981 |7 0 |8 A |9 192485 |a BIBING |b BIBING |d 2019-11-14 |i 1717162 |o 519.5 BOW 1981 |p 1717162 |r 2025-01-20 |w 2019-11-14 |y BK |k ING | ||